000
00273nam a2200121Ia 4500
008
170620s9999 xx 000 0 und d
100
_a
HANDA S S
245
0
_a
TEXT BOOK OF PHARMACOGNOSY
260
_b
VALLABH DELHI
260
_c
2006
300
_a
400
546
_a
English
690
_a
PHARMACOGNOSY
999
_c
30993
_d
30993